Δώδεκα παραμύθια του Χανς Κρίστιαν Αντερσεν
Saved in:
| Main Author: | |
|---|---|
| Other Authors: | , , |
| Format: | Book |
| Language: | Greek |
| Published: |
Αθήνα :
Μύθος,
1995
|
| Series: | Κλασικά παραμύθια ;
; 14 |
| Subjects: | |
| Tags: |
Add Tag
No Tags, Be the first to tag this record!
|
MARC
| LEADER | 00000nam a2200000 i 4500 | ||
|---|---|---|---|
| 001 | 1/69271 | ||
| 008 | 990209s1995 gre d | ||
| 020 | |a 960-238-035-7 | ||
| 035 | |l 10047796 | ||
| 040 | |a GR-MY-UA |b gre |e aacr | ||
| 041 | 0 | |a gre | |
| 082 | 0 | |a 398.2 | |
| 100 | 1 | |a Andersen, H. C. |q (Hans Christian) |d 1805-1875. | |
| 245 | 1 | 0 | |a Δώδεκα παραμύθια του Χανς Κρίστιαν Αντερσεν / |c Χανς Κρίστιαν Αντερσεν ; μετάφραση Λύο Καλοβύρνας ; εικονογράφηση Βίλχελμ Πέδερσεν , Λόρεντς Φρέλικ |
| 260 | |a Αθήνα : |b Μύθος, |c 1995 | ||
| 300 | |a 219 σ. | ||
| 490 | 1 | |a Κλασικά παραμύθια |v ; 14 | |
| 600 | 0 | 0 | |a Andersen H. C. |q (Hans Christian) |d 1805-1875 |x Juvenile literature. |
| 650 | 0 | 0 | |a Fairy tales |z Denmark. |
| 650 | 0 | 0 | |a Tales |z Denmark. |
| 700 | 0 | |a Καλοβυρνάς, Λύο. |4 trl | |
| 700 | 0 | |a Pedersen, Vilhelm. |4 ill | |
| 700 | 0 | |a Frolich, Lorenz. |4 ill | |
| 830 | 0 | |a Κλασικά παραμύθια ; |v ; 14 | |
| 852 | |a INST |b RHODES |e 19990209 |h 398.2 AND |p 005400015598 |q 005400015598 |t BK |y 0 | ||
| 901 | |a BIBL-1999-1 | ||
| 909 | |a Ρ |b 053816 |c 1998 | ||
| 922 | |a 4ΕΛΗ |b 199802 |c ΚΠΣ/Ν |d EMVASIS | ||